000
00265nam a2200109Ia 4500
008
200302s9999 xx 000 0 und d
100
_a
Percy Brown
245
_a
Indian Architecture (Budist and Hindu)
260
_b
Kiran Book Agency
260
_c
-
300
_a
216 P.,
999
_c
3040
_d
3040